Responses for Show #7547 - Tuesday, June 6, 2017

Contestants

[<< previous game]

Tracy Bacon, a community college professor from Arvada, Colorado

Mike Ponterotto, a film and television producer from North Hollywood, California

Chantelle Schofield, an E.R. social worker from Fort Myers, Florida (whose 1-day cash winnings total $18,402)

[next game >>]

Jeopardy! Round responses

MAJOR LEAGUE BASEBALL TEAM NICKNAMES
TALK OF THE TOWN
AWARDS & HONORS
NOTABLE WOMEN
BREAK FA*ST
(Alex: Each response will begin with "F-A" and end with "S-T".)
CEREALS
    $200 7
[Applause for Mike's running the category]

the Yankees

Mike
    $200 8
Athens

Tracy
    $200 19
the Davis Cup

Triple Stumper
    $200 23
the North Pole

Mike
    $200 1
(Mike: What is uh, first?)

the fastest

ChantelleMike
    $200 10
corn

Mike
    $400 3
the Angels

Mike
    $1,000 9
(Tracy: What is Jackson?)
(Alex: No, Mark Twain was talking about [*].)

New Orleans

Tracy
    $400 20
the Croix de guerre

Chantelle
    $400 26
(Emily) Post

Mike
    $400 2
Faust

Mike
    $400 22
fiber

Tracy
    $600 4
the (St. Louis) Cardinals

Mike
    $600 11
Paris

Chantelle
    $600 24
science fiction

Chantelle
    $600 27
Curious George

Mike
    $600 14
Father Knows Best

Chantelle
    $600 21
(Tracy: What is wort?)
(Mike: What is yeast?)
["Wort" was originally ruled incorrect, then ruled correct before the Double Jeopardy! Round. $600 was restored to Mike because he would not have been able to ring in incorrectly had "wort" been ruled correct at the time.]

malt (or wort)

Tracy
    $800 5
the Pirates

Mike
    $800 12
Gertrude Stein

Triple Stumper
    $800 30
Tim Berners-Lee

Chantelle
    $800 28
(Mike: Who is Madeleine Albright?)

Condoleezza Rice

Mike
Triple Stumper
    $800 15
Fauvist

Chantelle
    $800 16
wild oats

Triple Stumper
    $1000 6
the (Miami) Marlins

Mike
    $1000 13
a butterfly

Chantelle
    $1000 25
Juno

Tracy
    $1000 29
Frida Kahlo

Chantelle
    $1000 18
a fabulist

Mike
    $1000 17
sorghum

Triple Stumper

Scores at the first commercial break (after clue 15):

Chantelle Mike Tracy
$3,200 $3,400 -$800

Scores at the end of the Jeopardy! Round:

Chantelle Mike Tracy
$6,000 $4,800 $1,200

Double Jeopardy! Round responses

DANCE COMPANIES
LANDMARK'S THE SPOT
YOU CAN CALL ME "AL"
THE 4th CENTURY
APPROXIMATE WEIGHTS & MEASURES
SONG/BOOK
    $400 21
New York City

Tracy
    $400 16
Moscow

Tracy
    $400 1
alfalfa

Chantelle
    $400 6
India

Tracy
    $400 7
a pinch

Chantelle
    $400 22
Wuthering Heights

Tracy
    $800 27
Michael Flatley

Chantelle
    $800 17
the CN Tower

Mike
    $800 2
the alpaca

Mike
    $800 8
the Olympics

Chantelle
    $800 12
a load

Tracy
    $800 23
Less Than Zero

Mike
    $1200 30
The Beach Boys

Tracy
    $1200 18
the Brandenburg Gate

Tracy
    $1200 3
an also-ran

Chantelle
    $1200 9
a stirrup

Chantelle
    $1200 13
a pack

Tracy
    $1200 24
Tom Sawyer

Triple Stumper
    $1600 28
Winston-Salem

Chantelle
    $1600 19
a minaret

Mike
    $1600 4
the alimentary canal

Chantelle
    $1600 10
(Mike: Who are the Babylonians?)

the Mayans

Mike
Triple Stumper
    $2,000 14
a lot

Tracy
    $1600 25
High Fidelity

Tracy
    $2000 29
Martha Graham

Triple Stumper
    $2,000 20
(Alex: Mike?)
(Mike: [shakes head])
(Alex: Well, the other landmark is the Statue of Liberty.)

Bartholdi

Mike
    $2000 5
Aldebaran

Triple Stumper
    $2000 11
Nicaea

Chantelle
    $2000 15
a bevy

Chantelle
    $2000 26
Bright Lights, Big City

Triple Stumper

Scores at the end of the Double Jeopardy! Round:

Chantelle Mike Tracy
$18,000 $5,200 $10,800

[wagering suggestions for these scores]

Final Jeopardy! Round responses

THE OSCARS
(Alex: [To Mike] Robert Downey Jr. portrayed him on film.)
MikeWho is Charlie Chaplin?
$2,001
TracyWho is Disney?
$8,000
ChantelleWho is Peter O'Toole?
$4,000
Charlie Chaplin

Final scores:

Chantelle Mike Tracy
$14,000 $7,201 $2,800
2-day champion: $32,402 2nd place: $2,000 3rd place: $1,000

Game dynamics:

Coryat scores:

Chantelle Mike Tracy
$18,000 $7,200 $11,400
19 R,
0 W
15 R,
4 W
(including 1 DD)
14 R
(including 1 DD),
1 W
(including 1 DD)

Combined Coryat: $36,600

[game clues] [game scores] [suggest correction]

Game tape date: Unknown
The J! Archive is created by fans, for fans. Scraping, republication, monetization, and malicious use prohibited; this site may use cookies and collect identifying information. See terms. The Jeopardy! game show and all elements thereof, including but not limited to copyright and trademark thereto, are the property of Jeopardy Productions, Inc. and are protected under law. This website is not affiliated with, sponsored by, or operated by Jeopardy Productions, Inc. Join the discussion at JBoard.tv.